000
00291nam a22001337a 4500
008
181003b xxu||||| |||| 00| 0 eng d
020
_a
9781581732825
041
_a
eng
080
_a
612.39
100
_a
10
101
_a
NUT
245
_a
501 low-carb recipes
_c
Clark,P
942
_2
udc
_c
BK
999
_c
48826
_d
48826